|
|
|
|
| LEADER |
01086nam a2200301 a 4500 |
| 001 |
28525 |
| 003 |
BD-DhAAL |
| 005 |
20141028115422.0 |
| 008 |
141028s2004 nyu 000 1 eng |
| 020 |
|
|
|a 0349119414
|
| 040 |
|
|
|a BD-DhAAL
|c BD-DhAAL
|
| 082 |
0 |
0 |
|a 813/.54
|2 22
|
| 100 |
1 |
|
|a Divakaruni, Chitra
|d 1956-
|9 5875
|
| 245 |
1 |
0 |
|a Queen of dreams :
|b a novel /
|c Chitra Divakaruni.
|
| 260 |
|
|
|a New York :
|b Abacus,
|c c2004.
|
| 300 |
|
|
|a 307 p. ;
|c 22 cm.
|
| 541 |
|
|
|e 28525
|
| 650 |
|
0 |
|a East Indian American women
|v Fiction.
|9 5876
|
| 650 |
|
0 |
|a Mothers and daughters
|v Fiction.
|9 5877
|
| 650 |
|
0 |
|a Divorced mothers
|v Fiction.
|9 5878
|
| 650 |
|
0 |
|a Dreams
|v Fiction.
|9 5879
|
| 651 |
|
0 |
|a California
|v Fiction.
|9 5880
|
| 651 |
|
0 |
|a India
|v Fiction.
|9 5881
|
| 655 |
|
7 |
|a Psychological fiction.
|2 lcsh
|9 5686
|
| 655 |
|
7 |
|a Domestic fiction.
|2 lcsh
|9 5618
|
| 942 |
|
|
|2 ddc
|c BK
|
| 999 |
|
|
|c 32994
|d 32994
|
| 952 |
|
|
|0 0
|1 0
|2 ddc
|4 0
|6 813_540000000000000_DIV
|7 0
|9 43951
|a BRACUL
|b BRACUL
|c GEN
|d 2014-10-28
|e Paragon Enterprises Ltd.
|g 832.00
|l 5
|m 16
|o 813.54 DIV
|p 3010028525
|r 2026-05-20
|s 2026-05-18
|t 1
|w 2014-10-28
|y BK
|